000 01531cam a22002175a 4500
001 ##L131923
008 051216s2003 xxk f 100 0 eng d
020 _a0954650506
035 _a(Sirsi) u131923
041 0 _aeng
050 0 4 _a697 $2 18
100 1 _aInternational Conference on Environmental Monitoring of Our Cultural Heritage
_d(2003)
_cEdinburgh
245 0 0 _aEnvironmental monitoring of our cultural heritage
_bsustainable conservation solutions
_bthe proceedings of the international conference on environmental monitoring of our cultural heritage
_bsustainable conservation solutions 13-14 November 2003, Royal Museum lecture theatre, Edinburgh, UK
260 _aMilton Keynes
_bEnvironmental Building Solutions
_c2004
300 _a200p.
_bill
_c30cm.
520 _aPapers from a conference called to discuss practical experience of enviromental monitoring. Monitoring has changed radically since the last conference in 1989 with the spread of computers, spreadsheets and radio telemetric monitoring and the challenge is now to interpret the data so that useful and relevant information is produced for enviromental management. Features sections on: enviromental monitoring and health; structures, services and deterioration of cultural heritage; monitoring, inspection methodolgies and case studies; and standards and strategies for control.
690 _aENVIRONMENTAL AND LAND CONSULTANCY-ENVIRONMENTAL MANAGEMENT-ENVIRONMENTAL ASSESSMENT
700 1 0 _aSingh, Jagjit
700 1 0 _aKnight, Barry
942 _n0
999 _c104904
_d104904